000 00291nam a2200109Ia 4500
008 171211s9999 xx 000 0 und d
245 _aBujin. Divino guerrero
245 _cMasaaki Hatsumi
260 _c1993
650 _xMartial Arts
856 _uhttp://down.ebook777.com/064/8460451119.pdf
999 _c348173
_d348173